Countries with Most Neighbors (Tops 1,2,3 and 4) Quiz Stats

 Plays Quiz not verified by Sporcle

Also try: Anything but Peru
Challenge
Share
Tweet
Embed
Score 0/13 Timer 10:00
0 Plays Today
% Correct
China
97.1%
Russia
89.9%
Brazil
89.9%
Dem. Rep. of the Congo
88.4%
Germany
84.1%
France
73.9%
Austria
63.8%
Saudi Arabia
63.8%
Turkey
56.5%
Serbia
53.6%
Iran
46.4%
Zambia
23.2%
Tanzania
21.7%

You're not logged in!

Compare scores with friends on all Sporcle quizzes.
Join for Free
OR
Log In

You Might Also Like...

Show Comments

Extras

Top Quizzes Today


Score Distribution

Your Account Isn't Verified!

In order to create a playlist on Sporcle, you need to verify the email address you used during registration. Go to your Sporcle Settings to finish the process.

Report this User

Report this user for behavior that violates our Community Guidelines.

Details: